01015cas a22002897a 450000500170000000800410001701000100005801100100006802200140007803500100009224500790010226000700018130000070025131000140025832100140027236200200028650000350030665000510034186600320039286600580042486600580048286600580054086600340059886600210063286600360065386600360068920220329142127.0990826c1976 mx fr pernn 0 a1b1spa d a78862 a798340 a0185-2418 a9024800aCiencia Forestal en Méxicoc/por INIFAP. Dirección División Forestal0 aMéxico, D.F. :bINIFAP. Dirección División Forestal,c1976- av. aSemestral aBimestral1 av.22 n.81, 1997 aContiene resúmenes en Ingles14aBosquesxMéxicoxPublicaciones periódicas. av. 24 n. 86 (December 1999) av. 25 n. 87 (June 2000) - v. 25 n. 88 (December 2000) av. 26 n. 89 (June 2001) - v. 26 n. 90 (December 2001) av. 27 n. 91 (June 2002) - v. 27 n. 92 (December 2002) av.1 n.1-v.10 n.58 (1976-1985) av.11 n.60 (1986) av.12 n.62-v.19 n.76 (1987-1994) av.21 n.79-v.22 n.81 (1996-1997)